000 00720nam a2200241Ia 4500
003 OSt
005 20221005120118.0
006 a|||||r|||| 00| 0
007 ta
008 221004b |||||||| |||| 00| 0 per d
020 _c500
024 _a19471
037 _b0073/2015, 27/03/2015, AAj Sawera Society
_cTextual
040 _aCRL
_cCRL
_bper
041 _2per
_aper
082 _aO164,1M79x, N8
100 _aQazvini Mirza Ali Akbar Dehkhuda Au.
_9628559
245 0 _aDeewan-e-Dehkhuda
260 _c2000
650 _aPERSIAN POETRY
942 _hO164,1M79x, N8
_cTEXL
_2cc
999 _c1036919
_d1036919